| 000 | 00583nam a22001937a 4500 | ||
|---|---|---|---|
| 003 | BD-ChCU | ||
| 005 | 20260427102547.0 | ||
| 008 | 260427b si ||||| |||| 00| 0 eng d | ||
| 020 | _a9789811905186 | ||
| 040 | _cBD-ChCU | ||
| 082 |
_223 _a577.698 M277 |
||
| 245 |
_aMangroves: _bbiodiversity livelihoods and conservation/ _cEdited by Sudhir Chandra Das. |
||
| 260 |
_aSingapore: _bSpringer, _c2022 |
||
| 300 | _a609 P. : | ||
| 504 | _aIncludes. | ||
| 650 | 0 |
_aMangroves-conservation ; Biodiversity. _921959 |
|
| 700 |
_aDas, Sudhir Chandra. _eEditor _921960 |
||
| 942 |
_2ddc _cBK _n0 |
||
| 999 |
_c112454 _d112454 |
||